000 00996nam0a22002531 4500
001 rc\2772021
005 20250806210714.0
035 _a(NLR Aleph) 006898385
090 _a27462
_c27462
100 _a20110915d1941 u y0rusy50 ca
101 0 _arus
102 _aRU
105 _ay z |||||
200 1 _aИнформация по натриевым лампам типа НА-1 и НА-2
_fНКЭП СССР. Глав. упр. светотехническ. и вакуумной промышленности "Главсветовакуумпром". Гос. Союзный Ордена Ленина Моск. электроламповый завод
210 _aМосква
_cБ. и.
_d[1941]
215 _a4 с.
_d21 см.
300 _aБез тит. л. и обл.
801 0 _aRU
_bNLR
_gpsbo
801 1 _aRU
_bELAR
_2rusmarc
852 _aNLR
_jТ20 Г-4/89
942 _cBOOK
945 _aРоссийская национальная библиотека
980 _aNB
980 _aBV